000
00290nam a2200121Ia 4500
005
20251222154410.0
008
251222s9999||||xx |||||||||||||| ||spa||
020
_a
9972717038
082
_a
985.37/G66
100
_a
González, Elena/ León, Rafael
245
0
_a
Machu Picchu:
942
_c
LIB
999
_c
35635
_d
35635